| 000 | 00962nam a2200289Ia 4500 | ||
|---|---|---|---|
| 000 | nam a22 i 4500 | ||
| 001 | UNACH-7711 | ||
| 007 | ta | ||
| 008 | 221212s ||||fr|||| 00| | spa d | ||
| 020 | _a978-958-682-741-6 | ||
| 041 | 0 | _aspa | |
| 082 | 0 | 4 |
_a657 _bContabilidad. |
| 100 | 1 |
_aHiguera, Janier, _eautor |
|
| 245 | 1 | 0 | _a¿ Qué hacemos con ferrero? la lógica de la contabilidad. |
| 264 | 3 | 1 |
_a[Buenos Aires] : _aArgentina : _bAlfaomega Grupo Editor Argentino S.A., _c2008 |
| 300 |
_a322 páginas : _bilustraciones y tablas |
||
| 336 |
_atexto _btxt _2rdacontent |
||
| 337 |
_ano mediado _bn _2rdamedia |
||
| 338 |
_avolumen _bnc _2rdacarrier |
||
| 505 | 0 | _aIntroducción.-- Una noche contable en el parque central.-- Cuentas claras para superman.-- Junta de socios en un funeral. | |
| 650 | 1 | 4 | _aPARTIDA DOBLE |
| 650 | 2 | 4 | _aECUACION BASICA |
| 650 | 2 | 4 | _aUTILIDADEZ QUE SOÑAMOS |
| 653 | 0 | _aContabilidad. | |
| 942 |
_2ddc _c1 _n0 |
||
| 999 |
_c6244 _d6244 |
||